Reprocessable ionic thermoplastic rubber based on EPDM (Record no. 66780)

MARC details
000 -LEADER
fixed length control field 00402nam a2200121Ia 4500
100 ## - MAIN ENTRY--AUTHOR NAME
Personal name Thomas Kurian
245 #0 - TITLE STATEMENT
Title Reprocessable ionic thermoplastic rubber based on EPDM
260 ## - PUBLICATION, DISTRIBUTION, ETC. (IMPRINT)
Name of publisher Proceedings of the International Conference on Rubbers Calcutta, December 12-14, 1997. V1. p131-135
650 ## - SUBJECT ADDED ENTRY--TOPICAL TERM
Topical Term EPDM
650 ## - SUBJECT ADDED ENTRY--TOPICAL TERM
Topical Term Thermoplastic rubber
942 ## - ADDED ENTRY ELEMENTS (KOHA)
Koha item type Journals
Holdings
Withdrawn status Lost status Damaged status Not for loan Home library Current library Shelving location Date acquired Koha item type
      Journals RRII Library RRII Library Rubber chemistry 17/12/2021 Journals